Loading...
साहित्य शास्त्र के सौ वर्ष
| Main Author: | |
|---|---|
| Other Authors: | |
| Format: | Printed Book |
| Published: |
Kanpur:
Vikas,
2010
|
| Edition: | 1 |
| Subjects: |
| LEADER | 00593nam a22001697a 4500 | ||
|---|---|---|---|
| 020 | |a 8188570877 | ||
| 082 | |a H891.434 |b SAH | ||
| 100 | |a त्रिभुवननाथ शुक्ल | ||
| 245 | |a साहित्य शास्त्र के सौ वर्ष | ||
| 250 | |a 1 | ||
| 260 | |a Kanpur: |b Vikas, |c 2010 | ||
| 300 | |a 316p. | ||
| 650 | |a Sahityashastra ke sou varsh | ||
| 700 | |a Tribhuvannath Shukla | ||
| 942 | |c BK | ||
| 999 | |c 39331 |d 39331 | ||
| 952 | |0 0 |1 0 |4 0 |6 H_891_434000000000000_SAH |7 0 |8 Stack |9 41856 |a KUCL |b KUCL |c H |d 2016-04-28 |l 0 |o H891.434 SAH |p 33410 |r 2016-04-28 |w 2016-04-28 |y BK | ||